00414nam a2200157Ia 4500003000400000005001700004008004100021020001500062040000900077082001700086100003000103245005700133260003800190300000800228650002000236OSt20200625113445.0190216s9999||||xx |||||||||||||| ||und|| a8171511643 coclc a297.2bAZA/M a Azad, Maulana Abul Kalam 4aThe Message Of The Quran /c Mawlana Abul Kalam Azad bKitab Bhavan,c1992.a New Delhi: a68p aIslamic History